000 00359nam a2200133 i 4500
001 bg
245 0 _aObróbka plastyczna :
_btechnologia : oprac. zbiorowe /
_cpod red. Wiesława Werońskiego.
260 _aLublin,
_c1991.
700 1 _aWEROŃSKI, Wiesław.
_eRed.
040 _cBPK
041 _apol
942 _cKS
008 s pl f |000 0 pol
999 _c4695
_d4695
856 _uhttp://koha.tu.koszalin.pl/cgi-bin/koha/opac-detail.pl?biblionumber=4695
_yKatalog online BPK